20 Largest Countries Population Map Quiz - Statistics

General Stats
  • This quiz has been taken 1,629 times
  • The average score is 17 of 20
Answers on the Map
Answers color-coded by a green-red scale on the quiz's map according to % correct below.
 
Answer Stats
Answer % Correct
China
96%
India
95%
United States
95%
Brazil
93%
Mexico
92%
Russia
92%
Japan
91%
Egypt
89%
Indonesia
88%
Germany
87%
Pakistan
87%
Democratic Republic of Congo
85%
Philippines
85%
Bangladesh
84%
Ethiopia
83%
Iran
83%
Nigeria
83%
Thailand
81%
Turkey
79%
Vietnam
79%
No matching quizzes found
Score Distribution
Percent of People with Each Score
Percentile by Number Answered
Your Score History
You have not taken this quiz